[Event "24th Abu Dhabi Masters"]
[Site "Abu Dhabi UAE"]
[Date "2017.08.16"]
[Round "3.27"]
[White "Saduakassova, Dinara"]
[Black "Pazos Porta, Antonio"]
[Result "1/2-1/2"]
[WhiteTitle "IM"]
[BlackTitle "FM"]
[WhiteElo "2444"]
[BlackElo "2325"]
[WhiteFideId "13700090"]
[BlackFideId "2263190"]
[EventDate "2017.08.14"]

1. d4 Nf6 2. c4 g6 3. g3 Bg7 4. Bg2 O-O 5. Nc3 d6 6. Nf3 Nc6 7. O-O a6 8. Qc2
Bf5 9. e4 Bg4 10. Be3 Bxf3 11. Bxf3 e5 12. d5 Nd4 13. Bxd4 exd4 14. Ne2 Nd7 15.
Rad1 c5 16. dxc6 bxc6 17. Nxd4 Qc7 18. Bg2 Rab8 19. b3 Rfd8 20. Rd2 Bxd4 21.
Rxd4 c5 22. Rd5 Ne5 23. Qd2 Nc6 24. Qg5 Kg7 25. f4 f6 26. Qg4 a5 27. h4 a4 28.
Qd1 axb3 29. axb3 Nd4 30. f5 gxf5 31. Kh2 Re8 32. exf5 Qe7 33. Qg4+ Kh8 34. Rf4
Rg8 35. Re4 Qf8 36. Qd1 Qg7 37. Re3 Rbe8 38. Qd3 Qg4 39. b4 Rxe3 40. Qxe3 Nxf5
41. Qf2 Nxg3 42. Qxf6+ Rg7 43. Qd8+ Rg8 44. Qf6+ Rg7 45. Qd8+ Rg8 46. Qf6+ Rg7 1/2-1/2

[Event "24th Abu Dhabi Masters"]
[Site "Abu Dhabi UAE"]
[Date "2017.08.16"]
[Round "3.28"]
[White "Davtyan, Artur"]
[Black "Fernandez Borrego, Pablo"]
[Result "0-1"]
[WhiteTitle "FM"]
[BlackTitle "FM"]
[WhiteElo "2298"]
[BlackElo "2427"]
[WhiteFideId "13308327"]
[BlackFideId "2258285"]
[EventDate "2017.08.14"]

1. d4 d6 2. Nf3 g6 3. c4 Bg7 4. Nc3 Bg4 5. h3 Bxf3 6. exf3 Nd7 7. Be3 e6 8. Qb3
Ne7 9. Bd3 O-O 10. Rd1 Nc6 11. Be4 Na5 12. Qa4 c6 13. d5 b5 14. Qc2 f5 15. dxc6
fxe4 16. Rxd6 exf3 17. Rxd7 fxg2 18. Rg1 Qh4 19. Nxb5 Nxc6 20. Qe2 Qxh3 21. f4
e5 22. Rxg2 Qxd7 0-1

[Event "24th Abu Dhabi Masters"]
[Site "Abu Dhabi UAE"]
[Date "2017.08.16"]
[Round "3.29"]
[White "Asgarizadeh, Ahmad"]
[Black "Muthaiah, AL"]
[Result "1/2-1/2"]
[WhiteTitle "IM"]
[WhiteElo "2423"]
[BlackElo "2292"]
[WhiteFideId "12505684"]
[BlackFideId "5092442"]
[EventDate "2017.08.14"]

1. e4 d6 2. d4 Nf6 3. Nc3 c6 4. Nf3 Bg4 5. h3 Bh5 6. Bd3 e6 7. g4 Bg6 8. g5 Nfd7
9. Nh4 d5 10. Qe2 Bb4 11. Nxg6 hxg6 12. h4 Nb6 13. a3 Bxc3+ 14. bxc3 Na4 15. Bd2
Nb2 16. h5 Nd7 17. h6 Qe7 18. e5 O-O-O 19. Qg4 Nxd3+ 20. cxd3 f6 21. gxf6 gxf6
22. Qxg6 Rhg8 23. Qh5 fxe5 24. dxe5 Rdf8 25. d4 Rf5 26. Qh3 Nb6 27. Ke2 Nc4 28.
Be3 Rh8 29. Qg4 Nxe3 30. fxe3 Qf8 31. h7 Qf7 32. Rag1 Rf2+ 33. Ke1 Kc7 34. Qg7
Kb6 35. Qxf7 Rxf7 36. Rg6 Rhxh7 37. Rxh7 Rxh7 38. Rxe6 Rh1+ 39. Kd2 Ra1 40. Kc2
Ra2+ 41. Kb3 Re2 42. Re7 Rxe3 43. a4 a5 44. Rd7 Re2 45. Re7 Ka6 46. Re8 Kb6 47.
Rc8 Rh2 48. Rg8 Re2 49. Rg3 Kc7 50. Rg7+ 1/2-1/2

[Event "24th Abu Dhabi Masters"]
[Site "Abu Dhabi UAE"]
[Date "2017.08.16"]
[Round "3.30"]
[White "Vogt, Lothar"]
[Black "Prieto Aranguren, Alain"]
[Result "1/2-1/2"]
[WhiteTitle "GM"]
[WhiteElo "2420"]
[BlackElo "2286"]
[WhiteFideId "4611292"]
[BlackFideId "2268906"]
[EventDate "2017.08.14"]

1. e4 c6 2. d4 d5 3. Nd2 dxe4 4. Nxe4 Bf5 5. Ng3 Bg6 6. h4 h6 7. Nf3 Nd7 8. h5
Bh7 9. Bd3 Bxd3 10. Qxd3 e6 11. Bd2 Ngf6 12. O-O-O Be7 13. Ne4 Nxe4 14. Qxe4 Nf6
15. Qe2 a5 16. Kb1 a4 17. a3 Qb6 18. Ka1 Qa6 19. Qxa6 Rxa6 20. Ne5 b5 21. c3 O-O
22. g4 Nd5 23. f4 Bd6 24. Nd3 Kh7 25. Rhg1 Ra7 26. Rde1 Rd7 27. Kb1 Rc8 28. Rg2
Ne7 29. Kc2 Rdc7 30. Rge2 Rd8 31. Re4 Nd5 32. R4e2 Ne7 33. Re4 Nd5 34. R4e2 1/2-1/2

[Event "24th Abu Dhabi Masters"]
[Site "Abu Dhabi UAE"]
[Date "2017.08.16"]
[Round "3.31"]
[White "Raghunandan, Kaumandur Srihari"]
[Black "Eynullayev, Altay"]
[Result "1-0"]
[WhiteTitle "IM"]
[BlackTitle "FM"]
[WhiteElo "2398"]
[BlackElo "2255"]
[WhiteFideId "25004964"]
[BlackFideId "13413562"]
[EventDate "2017.08.14"]

1. Nf3 Nf6 2. g3 d5 3. Bg2 g6 4. O-O Bg7 5. d3 O-O 6. Nbd2 c5 7. e4 Nc6 8. Re1
e5 9. c3 h6 10. a3 Be6 11. Qe2 d4 12. cxd4 Nxd4 13. Nxd4 cxd4 14. f4 Nd7 15. Rf1
exf4 16. gxf4 Re8 17. Qf3 Qh4 18. e5 Nc5 19. h3 Rad8 20. b4 Bd5 21. Qe2 Bxg2 22.
Kxg2 Na4 23. Ne4 f5 24. exf6 Nc3 25. Qf3 Nxe4 26. dxe4 Qxf6 27. e5 Qc6 28. Qxc6
bxc6 29. Bd2 Rd5 30. Rac1 Re6 31. Rf2 g5 32. f5 Rexe5 33. f6 Bf8 34. Rxc6 Rf5
35. Rxf5 Rxf5 36. Ra6 Kf7 37. a4 Rxf6 38. Rxa7+ Kg6 39. b5 Bc5 40. Rc7 Rf5 41.
Rc6+ Kf7 42. b6 1-0

[Event "24th Abu Dhabi Masters"]
[Site "Abu Dhabi UAE"]
[Date "2017.08.16"]
[Round "3.32"]
[White "Gurpreet, Singh Maras"]
[Black "Karavade, Eesha"]
[Result "1/2-1/2"]
[BlackTitle "IM"]
[WhiteElo "2247"]
[BlackElo "2397"]
[WhiteFideId "5014433"]
[BlackFideId "5012600"]
[EventDate "2017.08.14"]

1. Nf3 Nf6 2. d4 d5 3. c4 e6 4. Nc3 Bb4 5. Bg5 h6 6. Bxf6 Qxf6 7. e3 O-O 8. Rc1
dxc4 9. Bxc4 c5 10. O-O cxd4 11. Qxd4 Qxd4 12. Nxd4 Bd7 13. Rfd1 Nc6 14. a3 Bxc3
15. Rxc3 Nxd4 16. Rxd4 Bc6 17. f3 Rfd8 18. Rcd3 Rxd4 19. Rxd4 Kf8 20. Kf2 Ke7
21. e4 e5 22. Rd2 Rc8 23. Bb3 f6 24. Ke3 Bd7 25. Rc2 Rxc2 26. Bxc2 Be6 27. b4
Bc4 28. Bd3 Bxd3 29. Kxd3 b5 30. Ke3 1/2-1/2

[Event "24th Abu Dhabi Masters"]
[Site "Abu Dhabi UAE"]
[Date "2017.08.16"]
[Round "3.33"]
[White "Tania, Sachdev"]
[Black "Shailesh, Dravid"]
[Result "1-0"]
[WhiteTitle "IM"]
[WhiteElo "2392"]
[BlackElo "2254"]
[WhiteFideId "5007844"]
[BlackFideId "25017969"]
[EventDate "2017.08.14"]

1. d4 Nf6 2. c4 g6 3. Nc3 d5 4. Bg5 Ne4 5. Bh4 Nxc3 6. bxc3 dxc4 7. e3 b5 8. a4
Bb7 9. axb5 Nd7 10. Nf3 Nb6 11. Be2 Bg7 12. O-O Qd5 13. Ra5 Bf6 14. Bg3 Qd7 15.
Nd2 h5 16. h3 h4 17. Bh2 O-O 18. Nxc4 c6 19. Ne5 Bxe5 20. Bxe5 cxb5 21. Bxb5 Bc6
22. Bxc6 Qxc6 23. d5 Qc4 24. d6 Rfe8 25. dxe7 Rxe7 26. Qf3 Re6 27. Bd4 Qc6 28.
Qf4 Nd5 29. Qxh4 Nf6 30. Rxa7 Rxa7 31. Bxa7 Qxc3 32. Bd4 Qc6 33. Rb1 Nh5 34.
Rb8+ Re8 35. Rxe8+ Qxe8 36. g4 Qd8 1-0

[Event "24th Abu Dhabi Masters"]
[Site "Abu Dhabi UAE"]
[Date "2017.08.16"]
[Round "3.34"]
[White "Raetsky, Alexander"]
[Black "Hari, Madhavan N B"]
[Result "0-1"]
[WhiteTitle "GM"]
[WhiteElo "2381"]
[BlackElo "2246"]
[WhiteFideId "4103203"]
[BlackFideId "25054309"]
[EventDate "2017.08.14"]

1. e4 e6 2. d4 d5 3. Nc3 Bb4 4. e5 c5 5. Qg4 Ne7 6. dxc5 Nbc6 7. Bd2 O-O 8.
O-O-O Bxc5 9. Nf3 Ng6 10. Qh5 Qc7 11. Bd3 Nb4 12. Kb1 Nxd3 13. cxd3 f6 14. exf6
Rxf6 15. Rc1 Qd6 16. Ng5 h6 17. Nb5 Qb6 18. Ne4 dxe4 19. Rxc5 Qd8 20. Bc3 e5 21.
Rd1 exd3 22. Bxe5 Nxe5 23. Rxe5 Be6 24. Nc3 Bf7 25. Qh4 Qc7 26. Qg3 Rc8 27. Ka1
Qb6 28. f4 Qd4 29. Re4 Qc5 30. Qe3 Qa5 31. Rxd3 Rxc3 32. Re8+ Kh7 0-1

[Event "24th Abu Dhabi Masters"]
[Site "Abu Dhabi UAE"]
[Date "2017.08.16"]
[Round "3.35"]
[White "Patil, Pratik"]
[Black "Eggleston, David J"]
[Result "0-1"]
[BlackTitle "IM"]
[WhiteElo "2246"]
[BlackElo "2380"]
[WhiteFideId "5038758"]
[BlackFideId "412120"]
[EventDate "2017.08.14"]

1. e4 c5 2. Nf3 d6 3. d4 Nf6 4. Nc3 cxd4 5. Qxd4 a6 6. e5 Nc6 7. Qa4 dxe5 8.
Nxe5 Bd7 9. Nxd7 Qxd7 10. Bd2 e6 11. O-O-O Qc8 12. Bg5 Be7 13. Bd3 h6 14. Qh4
Qc7 15. Rhe1 O-O-O 16. Be3 Nb4 17. Bf4 Qa5 18. Be5 Nxa2+ 19. Kb1 Nb4 20. Qc4+
Nc6 21. f4 Bd6 22. Bxf6 gxf6 23. f5 Be5 24. Be4 Qb4 25. Qxb4 Nxb4 26. g3 Kc7 27.
Na4 b6 28. c3 Nc6 29. Kc2 Ne7 30. fxe6 Rxd1 31. Rxd1 fxe6 32. Bd3 Nd5 33. Kb3
Ra8 34. Be4 Rb8 0-1

[Event "24th Abu Dhabi Masters"]
[Site "Abu Dhabi UAE"]
[Date "2017.08.16"]
[Round "3.36"]
[White "Saravana, Krishnan P."]
[Black "Manafov, Vugar"]
[Result "1/2-1/2"]
[WhiteElo "2378"]
[BlackElo "2240"]
[WhiteFideId "5018382"]
[BlackFideId "13410814"]
[EventDate "2017.08.14"]

1. e4 Nf6 2. e5 Nd5 3. d4 d6 4. Nf3 g6 5. Bc4 Nb6 6. Bb3 Bg7 7. O-O O-O 8. exd6
cxd6 9. h3 Bf5 10. Re1 Nc6 11. Nc3 Rc8 12. Ne4 Na5 13. c3 Nxb3 14. axb3 a6 15.
Ng3 Bd7 16. c4 h6 17. Bd2 d5 18. Ba5 dxc4 19. Ne5 Bb5 20. Rc1 Bxe5 21. Rxe5 e6
22. Qg4 Rc6 23. bxc4 Bxc4 24. Rc5 Bd5 25. Ne4 Bxe4 26. Qxe4 Rxc5 27. Rxc5 Qd6
28. Qxb7 Nd5 29. Bd2 Rb8 30. Rc8+ Rxc8 31. Qxc8+ Kg7 32. h4 h5 33. Bh6+ Kh7 34.
Bg5 Kg7 35. Kh1 Qb4 36. Bh6+ Kh7 37. Bg5 Qxb2 38. Bh6 Qb4 39. Qf8 Qxd4 40. Bg5
Qg7 41. Qe8 Qg8 42. Qc6 Qg7 43. Qe8 f6 44. Qb8 e5 45. Bd2 Nc7 46. Qa8 Nd5 1/2-1/2

[Event "24th Abu Dhabi Masters"]
[Site "Abu Dhabi UAE"]
[Date "2017.08.16"]
[Round "3.37"]
[White "Stegariu, Vlad-Ionut"]
[Black "Hedman, Erik"]
[Result "1-0"]
[BlackTitle "FM"]
[WhiteElo "2244"]
[BlackElo "2376"]
[WhiteFideId "1217860"]
[BlackFideId "1702351"]
[EventDate "2017.08.14"]

1. c4 c5 2. Nc3 Nc6 3. g3 g6 4. Bg2 Bg7 5. Nf3 d6 6. O-O Bf5 7. d3 Qd7 8. Re1
Bh3 9. Bh1 h5 10. Nd5 h4 11. Rb1 hxg3 12. fxg3 Nf6 13. Nxf6+ Bxf6 14. Bd2 Bg4
15. Rf1 Nd4 16. e3 O-O-O 17. Bc3 Nc6 18. Qd2 Rh5 19. Bxf6 exf6 20. b4 cxb4 21.
Nd4 Nxd4 22. exd4 Rdh8 23. Qxb4 b6 24. Rf2 Rf5 25. Rxf5 Qxf5 26. Qxd6 Bf3 27.
Rf1 Qh3 28. Rf2 Re8 29. Qb4 Bxh1 30. Kxh1 Qg4 31. Qa4 Re1+ 32. Kg2 f5 33. Qxa7
Qxd4 34. Qxf7 Qxd3 35. Qxg6 1-0

[Event "24th Abu Dhabi Masters"]
[Site "Abu Dhabi UAE"]
[Date "2017.08.16"]
[Round "3.38"]
[White "Vantika, Agrawal"]
[Black "Jeet, Jain"]
[Result "1-0"]
[WhiteElo "2238"]
[BlackElo "2361"]
[WhiteFideId "25050389"]
[BlackFideId "5073022"]
[EventDate "2017.08.14"]

1. d4 d5 2. c4 e6 3. Nf3 Nf6 4. g3 dxc4 5. Bg2 c5 6. O-O Nc6 7. Qa4 Bd7 8. Qxc4
b5 9. Qd3 c4 10. Qc2 Be7 11. Ne5 Rc8 12. Rd1 O-O 13. h3 Qc7 14. Bf4 Bd6 15. Nxd7
Qxd7 16. Be5 Qe7 17. Bxf6 Qxf6 18. e3 e5 19. d5 Nb4 20. Qe2 Qd8 21. Nc3 Qb6 22.
a4 a6 23. Ne4 Rfd8 24. Qg4 Qc7 25. axb5 axb5 26. Rd2 Ra8 27. Rc1 Qe7 28. Nxd6
Qxd6 29. Be4 g6 30. h4 h5 31. Qd1 f5 32. Bb1 e4 33. Rd4 Nxd5 34. Qd2 Kf7 35. Rd1
Ra1 36. Kh2 b4 37. Bxe4 Rxd1 38. Bxd5+ Kg7 39. Qxd1 Rb8 40. Bxc4 Qe5 41. Rd7+
Kh6 42. Qd4 Qxd4 43. exd4 b3 44. Be6 Rb4 45. d5 g5 46. Bxf5 gxh4 47. gxh4 Rxh4+
48. Kg3 Rd4 49. f4 h4+ 50. Kg4 1-0

[Event "24th Abu Dhabi Masters"]
[Site "Abu Dhabi UAE"]
[Date "2017.08.16"]
[Round "3.39"]
[White "Rajdeep, Sarkar"]
[Black "Priyanka, Nutakki"]
[Result "1-0"]
[WhiteTitle "FM"]
[WhiteElo "2360"]
[BlackElo "2160"]
[WhiteFideId "25007963"]
[BlackFideId "25049615"]
[EventDate "2017.08.14"]

1. c4 Nf6 2. g3 g6 3. Bg2 c5 4. Nc3 Bg7 5. Nf3 O-O 6. O-O Nc6 7. d4 cxd4 8. Nxd4
d6 9. Nc2 Qa5 10. Bd2 Qh5 11. e4 Rd8 12. b3 Qxd1 13. Rfxd1 Bd7 14. h3 Rac8 15.
Rac1 Rb8 16. Nd5 Kf8 17. Be3 b5 18. c5 Ne8 19. f4 Rbc8 20. Kh2 Bb2 21. Rb1 Bg7
22. cxd6 Nxd6 23. Ne1 Nb7 24. Nd3 Bd4 25. Bxd4 Nxd4 26. Ne5 Ne6 27. Nb6 axb6 28.
Nxd7+ Ke8 29. Nxb6 Rxd1 30. Rxd1 Rc2 31. a4 Rb2 32. axb5 Nbc5 33. Na4 Rxb3 34.
Nxc5 Nxc5 35. e5 Rb2 36. Kg1 Kf8 37. Bc6 Ne6 38. Rd3 h5 39. h4 Rb4 40. Rd7 Nd4
41. Rb7 Rb2 42. Kf1 Nf5 43. b6 Rb1+ 44. Kf2 Rb2+ 45. Ke1 Nd4 46. Rb8+ Kg7 47.
Ba8 Ne6 48. Kd1 Nc5 49. Bc6 Na6 50. Rb7 Kf8 51. Bf3 e6 52. f5 Nc5 53. Rb8+ Kg7
54. f6+ Kh7 55. Rf8 Rxb6 56. Rxf7+ Kg8 57. Rg7+ Kf8 58. Rxg6 Nd3 59. Rg5 Rb5 60.
Be2 1-0

[Event "24th Abu Dhabi Masters"]
[Site "Abu Dhabi UAE"]
[Date "2017.08.16"]
[Round "3.40"]
[White "Nandhidhaa, PV"]
[Black "Sadhwani, Raunak"]
[Result "1/2-1/2"]
[WhiteTitle "WIM"]
[BlackTitle "FM"]
[WhiteElo "2182"]
[BlackElo "2359"]
[WhiteFideId "5050847"]
[BlackFideId "35093487"]
[EventDate "2017.08.14"]

1. b3 e5 2. Bb2 Nc6 3. e3 Nf6 4. Bb5 Bd6 5. Na3 Na5 6. Be2 a6 7. c4 O-O 8. Nc2
e4 9. d3 exd3 10. Bxd3 Nc6 11. Nf3 Nb4 12. Be2 Nxc2+ 13. Qxc2 Bb4+ 14. Nd2 d5
15. O-O Be6 16. Rfd1 Qe7 17. a3 Bd6 18. cxd5 Bxd5 19. Nc4 Bxc4 20. Qxc4 Be5 21.
Bxe5 Qxe5 22. Bf3 c6 23. Qb4 Qc7 24. Rd2 Rfd8 25. Rad1 Rxd2 26. Rxd2 Re8 27. g3
h6 28. Qc5 Rd8 29. Rxd8+ Qxd8 30. b4 Ne8 31. a4 Qd7 32. Kg2 Nd6 33. e4 Ne8 34.
Qa7 Kf8 35. e5 Qe7 36. Qb6 Qc7 37. Qc5+ Qe7 38. Qb6 Qc7 39. a5 g6 40. Qc5+ Qe7
41. Bg4 Nc7 42. Bc8 Qxc5 43. bxc5 Ke7 44. f4 Nd5 45. Bxb7 Nb4 46. Bc8 Kd8 47. e6
fxe6 48. Bxe6 Nd3 49. Bf7 g5 50. fxg5 hxg5 1/2-1/2

[Event "24th Abu Dhabi Masters"]
[Site "Abu Dhabi UAE"]
[Date "2017.08.16"]
[Round "3.41"]
[White "Muradli, Mahammad"]
[Black "Mahalakshmi, M"]
[Result "1/2-1/2"]
[WhiteTitle "FM"]
[BlackTitle "WIM"]
[WhiteElo "2357"]
[BlackElo "2140"]
[WhiteFideId "13409301"]
[BlackFideId "5001080"]
[EventDate "2017.08.14"]

1. d4 Nf6 2. c4 e6 3. Nf3 Bb4+ 4. Bd2 a5 5. g3 d5 6. Qc2 c5 7. Bg2 O-O 8. cxd5
cxd4 9. Nxd4 Qb6 10. e3 exd5 11. O-O Nc6 12. Nxc6 bxc6 13. Rc1 Bd7 14. Nc3 Rfc8
15. Na4 Qb8 16. Bc3 Bxc3 17. Qxc3 Bf5 18. Qd4 Rc7 19. b3 Qd8 20. Rc5 Be4 21. f3
Bg6 22. Rac1 Qe8 23. Kf2 Qe6 24. Qf4 Re8 25. Qd4 Rce7 26. R1c3 Qf5 27. g4 Qb1
28. h4 Qxa2+ 29. Kg1 Qb1+ 30. Rc1 Qd3 31. R5c3 Qxd4 32. exd4 h6 33. h5 Bh7 34.
Rxc6 Bd3 35. Rc8 Re1+ 36. Rxe1 Rxc8 37. Nc5 Bb5 38. Ra1 Ra8 39. b4 a4 40. Bf1
Bxf1 41. Kxf1 a3 42. Ra2 Ne8 43. b5 Rb8 44. Rxa3 Nd6 45. b6 Rxb6 46. Ra8+ Kh7
47. Nd7 Rb1+ 48. Kf2 g6 49. hxg6+ fxg6 50. Nf6+ Kg7 51. Nxd5 h5 52. Ra6 Nb5 53.
Nf4 hxg4 54. Ne6+ Kf7 55. fxg4 Rd1 56. Ng5+ Ke7 57. Re6+ Kd7 58. Rxg6 Rxd4 59.
Nf3 Rd5 60. Kg3 Ke7 61. Kh4 Nd6 62. g5 Ne4 63. Rg7+ Kf8 64. Ra7 Nxg5 65. Nxg5
Rd1 66. Kg4 Rf1 67. Nf3 Ke8 68. Kf4 Kf8 69. Ke4 Ke8 70. Ne5 Rd1 71. Nc6 Re1+ 72.
Kd5 Kf8 73. Ne5 Kg8 74. Ke6 Re2 75. Re7 Re1 76. Ra7 Re2 77. Ra3 Rg2 78. Rf3 Kg7
79. Rf6 Rg1 80. Ke7 Rg2 81. Ra6 Rg1 82. Ke6 Re1 83. Ra2 Rg1 84. Rf2 Kg8 85. Kf6
Ra1 86. Rc2 Rf1+ 87. Ke6 Kg7 88. Rh2 Re1 89. Rh4 Re2 90. Rh3 Re1 91. Rg3+ Kf8
92. Rg2 Re4 93. Rf2+ Kg7 94. Rf7+ Kg8 95. Rb7 Re1 96. Re7 Re2 97. Kf6 Rf2+ 98.
Kg5 Rg2+ 99. Ng4 Kf8 100. Re1 Kf7 101. Kf5 Ra2 102. Re5 Ra1 103. Ke4 1/2-1/2

[Event "24th Abu Dhabi Masters"]
[Site "Abu Dhabi UAE"]
[Date "2017.08.16"]
[Round "3.42"]
[White "Al Hosani, Omran"]
[Black "Mahjoob Zardast, Morteza"]
[Result "0-1"]
[WhiteTitle "CM"]
[BlackTitle "GM"]
[WhiteElo "2012"]
[BlackElo "2354"]
[WhiteFideId "9308733"]
[BlackFideId "12500798"]
[EventDate "2017.08.14"]

1. d4 d6 2. e4 Nf6 3. Nc3 c6 4. Bf4 Qa5 5. Qd2 e5 6. Bg5 Be7 7. Nf3 O-O 8. Be2
b5 9. Bxf6 Bxf6 10. O-O exd4 11. Nxd4 b4 12. Nd1 Qe5 13. Nf3 Qxe4 14. Bd3 Qg4
15. Ne3 Qf4 16. Nd5 Qxd2 17. Nxf6+ gxf6 18. Nxd2 d5 19. Rfe1 Nd7 20. Re7 Rd8 21.
Nf3 Nc5 22. Nd4 Bd7 23. Bf5 Kf8 24. Rxd7 Nxd7 25. Nxc6 Rdc8 26. Nxb4 Rcb8 27.
Nxd5 Rxb2 28. Bxd7 Rd8 29. Ba4 Rxd5 30. Bb3 Rd4 31. Kf1 Ke7 32. Ke2 Kd6 33. Ke3
Kc5 34. Rc1 a5 35. a4 Rd7 36. h4 Kb4 37. Ke4 Rc7 38. Rd1 Rxb3 39. cxb3 Kxb3 40.
Rd6 Rc4+ 41. Kd3 Rxa4 42. Rxf6 Rxh4 43. Rxf7 a4 44. Rb7+ Ka2 45. Kc3 a3 46. Ra7
Rh6 47. f4 Rc6+ 48. Kb4 Rb6+ 49. Kc3 Rb3+ 50. Kc4 Kb2 51. Re7 Rc3+ 52. Kd4 a2
53. Ra7 Ra3 54. Rb7+ Kc2 55. Rc7+ Kd2 0-1

[Event "24th Abu Dhabi Masters"]
[Site "Abu Dhabi UAE"]
[Date "2017.08.16"]
[Round "3.43"]
[White "Gu, Xiaobing"]
[Black "Senthil, Maran K"]
[Result "1-0"]
[WhiteTitle "WGM"]
[WhiteElo "2347"]
[BlackElo "2124"]
[WhiteFideId "8602611"]
[BlackFideId "25035681"]
[EventDate "2017.08.14"]

1. e4 c6 2. d4 d5 3. exd5 cxd5 4. c4 Nf6 5. Nc3 g6 6. cxd5 Bg7 7. Qb3 O-O 8. Nf3
Nbd7 9. Bg5 Nb6 10. Bc4 Qc7 11. Be2 Rd8 12. Rc1 Qd6 13. O-O Nbxd5 14. Bc4 Be6
15. Rfe1 Rac8 16. Bxf6 Rxc4 17. Qxc4 Nxc3 18. Qxc3 Bxf6 19. Qc7 Qxc7 20. Rxc7
Bxa2 21. Rxb7 Bd5 22. Rxa7 Bxf3 23. gxf3 Rxd4 24. Rb7 Rd2 25. b4 Bd4 26. Rexe7
Rxf2 27. Re4 Rd2+ 28. Kf1 Bc3 29. Ree7 Rd4 30. b5 Rf4 31. Ke2 Bd4 32. Re4 1-0

[Event "24th Abu Dhabi Masters"]
[Site "Abu Dhabi UAE"]
[Date "2017.08.16"]
[Round "3.44"]
[White "Kumar, Gaurav"]
[Black "Illingworth, Max"]
[Result "1/2-1/2"]
[BlackTitle "GM"]
[WhiteElo "2210"]
[BlackElo "2506"]
[WhiteFideId "5085578"]
[BlackFideId "3205207"]
[EventDate "2017.08.14"]

1. e4 e5 2. Nf3 Nf6 3. Nxe5 d6 4. Nf3 Nxe4 5. Nc3 Nxc3 6. dxc3 Be7 7. Bf4 O-O 8.
Qd2 Nd7 9. O-O-O Nc5 10. h4 Bf6 11. Ng5 Bf5 12. f3 h5 13. Be2 Qd7 14. Be3 Qa4
15. Kb1 Rfe8 16. Rc1 Rad8 17. Bd4 Bxd4 18. cxd4 Ne6 19. Nxe6 Bxe6 20. b3 Qd7 21.
Rcg1 Qe7 22. Bd3 c5 23. Bb5 Rf8 24. d5 a6 25. Bf1 Bd7 26. g4 hxg4 27. fxg4 Rfe8
28. Bd3 Qe3 29. Qxe3 Rxe3 30. h5 Re5 31. g5 Bf5 32. Bxf5 Rxf5 33. g6 Rxd5 34. h6
Rf5 35. hxg7 Kxg7 36. gxf7+ Kxf7 37. Rh7+ Ke6 38. Rxb7 c4 39. bxc4 Rc5 40. Re1+
Re5 41. Rxe5+ dxe5 42. Rb6+ Kf5 43. Rxa6 e4 44. Ra7 e3 45. Re7 Kf4 46. Kb2 Rd4
47. c5 Rc4 48. Kb3 Rxc5 49. c4 Re5 50. Rxe5 Kxe5 51. Kc2 Ke4 52. Kd1 Kd4 53. Ke2
Kxc4 54. Kxe3 Kb4 1/2-1/2

[Event "24th Abu Dhabi Masters"]
[Site "Abu Dhabi UAE"]
[Date "2017.08.16"]
[Round "3.45"]
[White "Aditya, Mittal"]
[Black "Omidi, Arya"]
[Result "0-1"]
[WhiteTitle "CM"]
[WhiteElo "2236"]
[BlackElo "2415"]
[WhiteFideId "35042025"]
[BlackFideId "12508780"]
[EventDate "2017.08.14"]

1. d4 Nf6 2. c4 e6 3. Nc3 Bb4 4. f3 d5 5. a3 Bxc3+ 6. bxc3 O-O 7. cxd5 exd5 8.
e3 Nh5 9. Qc2 Re8 10. Bd3 Qh4+ 11. Qf2 Nf4 12. Qxh4 Nxg2+ 13. Kf2 Nxh4 14. e4
dxe4 15. fxe4 b6 16. Bg5 Ng6 17. Nf3 Bb7 18. Rae1 Nd7 19. Rhg1 Ndf8 20. d5 c6
21. c4 Nd7 22. Bf1 Nc5 23. Nd2 Kh8 24. d6 Re6 25. e5 Nxe5 26. Rg3 Rae8 27. Be7
Ng6 28. Rxe6 Nxe6 29. Rxg6 hxg6 30. Bh3 f5 31. Nf3 Kh7 32. Ne5 Kh6 33. Bg2 g5
34. Nf7+ Kh5 35. Nxg5 Nxg5 36. d7 Rh8 37. d8=Q Rxd8 38. Bxd8 Ne6 39. Be7 Kg6 40.
Bd6 Kf6 41. a4 Nc5 42. a5 Nd7 43. axb6 axb6 44. Bc7 Ne5 45. Bxb6 Nxc4 46. Bd4+
Ne5 47. h4 Ke6 48. Kg3 g6 49. Kf4 c5 50. Bxe5 Bxg2 51. Bg7 Bh3 52. Kg5 Kf7 53.
Bb2 Bg4 54. Ba3 c4 55. Bb2 Ke6 56. Kf4 Kd5 57. Bc3 Kc5 58. Ke5 Be2 59. Bd2 Bd3
60. Be1 Kb5 61. Kd4 f4 62. Bd2 f3 63. Be1 Kc6 64. Bg3 Kd7 65. Ke3 Be2 66. Kd4
Ke6 67. Be1 Kf5 68. Ke3 Kg4 69. Kf2 Kxh4 70. Kg1+ Kh3 71. Bd2 Kg3 72. Be1+ Kf4
73. Bd2+ Ke4 74. Kf2 Kd3 75. Bg5 Kc2 76. Ke1 c3 77. Bf6 Kb3 78. Bg5 c2 79. Bc1
Ka2 80. Kd2 Kb1 81. Ba3 g5 82. Bc1 f2 83. Kxe2 Kxc1 84. Kxf2 0-1

[Event "24th Abu Dhabi Masters"]
[Site "Abu Dhabi UAE"]
[Date "2017.08.16"]
[Round "3.46"]
[White "Fadeev, Semen"]
[Black "Arjun, Kalyan"]
[Result "0-1"]
[WhiteElo "2161"]
[BlackElo "2366"]
[WhiteFideId "4177738"]
[BlackFideId "35018701"]
[EventDate "2017.08.14"]

1. e4 e5 2. d4 exd4 3. Qxd4 Nc6 4. Qe3 Nf6 5. Nc3 Bb4 6. Bd2 O-O 7. O-O-O Re8 8.
Bc4 d6 9. f3 Na5 10. Qd4 Bc5 11. Qd3 Nxc4 12. Qxc4 c6 13. Nge2 b5 14. Qd3 Qa5
15. Nd4 Bxd4 16. Qxd4 b4 17. Nb1 c5 18. Qxd6 Re6 19. Qg3 Ba6 20. Bg5 Qxa2 21.
Qc7 Ne8 22. Qxc5 Rc8 23. Qxb4 Rb6 24. Qa3 Qe6 25. Bf4 Bc4 26. Rd2 Bb3 27. c3 Ra6
28. Qb4 Ra1 29. Rhd1 a5 30. Qb7 Ba2 31. Kc2 a4 32. Rd5 Bb3+ 33. Kc1 Bxd1 34.
Rxd1 a3 35. bxa3 Rxc3+ 36. Kb2 Rcxa3 0-1

[Event "24th Abu Dhabi Masters"]
[Site "Abu Dhabi UAE"]
[Date "2017.08.16"]
[Round "3.48"]
[White "Sangma, Rahul"]
[Black "Harshal, Shahi"]
[Result "1/2-1/2"]
[WhiteTitle "IM"]
[BlackTitle "FM"]
[WhiteElo "2325"]
[BlackElo "2130"]
[WhiteFideId "5013615"]
[BlackFideId "5048257"]
[EventDate "2017.08.14"]

1. c4 c6 2. Nf3 Nf6 3. Nc3 d5 4. e3 e6 5. b3 Nbd7 6. Qc2 Bd6 7. d4 b6 8. cxd5
exd5 9. Bd3 Bb7 10. O-O O-O 11. a4 a6 12. Ba3 c5 13. a5 b5 14. dxc5 Bxc5 15.
Nxb5 Rc8 16. Nc3 Qxa5 17. Bb2 Qd8 18. Qe2 a5 19. Rfd1 Bb4 20. Na4 Re8 21. Bf5
Rc7 22. Rac1 Ne4 23. Rxc7 Qxc7 24. Rc1 Qd6 25. Qb5 Bc8 26. Rxc8 Rxc8 27. Qxd7
Qxd7 28. Bxd7 Rc2 29. Bf5 Re2 30. g3 Nxf2 31. Kf1 Rxe3 32. Kxf2 Rxb3 33. Bc2
Bc5+ 34. Nxc5 Rxb2 35. Nd4 g6 36. Ke3 f5 37. Na4 Ra2 38. Nc3 Rb2 39. Kd2 Kg7 40.
Nb3 d4 41. Nd1 Ra2 42. Nxd4 Kf6 43. Kc3 a4 44. Nf3 Ra3+ 45. Kd2 Rxf3 46. Bxa4
Ra3 47. Nc3 Ra1 48. Bc6 Ke5 49. Ne2 g5 50. Ke3 Ra3+ 51. Kf2 h6 52. Bf3 Ra7 53.
Nc3 Ra3 54. Ne2 Ra2 55. Bc6 Rb2 56. Ke3 Rb3+ 57. Kf2 h5 58. Bf3 h4 59. g4 Rb2
60. gxf5 Kxf5 61. h3 Ra2 62. Kf1 Ra1+ 63. Kg2 Ra2 64. Kf2 Ke5 65. Bh5 Rb2 66.
Bg6 Rb3 67. Ng1 Kf4 68. Bc2 Rb2 69. Ne2+ Ke5 70. Bd3 Rb4 71. Kf3 Ra4 72. Bb5
Ra3+ 1/2-1/2